[Event "TUR-ch (Women)"]
[Site "Antalya"]
[Date "2019.03.05"]
[Round "4"]
[White "Tanir, Simay"]
[Black "Kaya, Sanem"]
[Result "1-0"]
[WhiteElo "1432"]
[BlackElo "1201"]
[PlyCount "55"]
[EventDate "2019.03.03"]
[EventType "swiss"]
[EventRounds "9"]
[EventCountry "TUR"]
[SourceTitle "CBM 189 Extra"]
[Source "ChessBase"]
[SourceDate "2019.06.03"]
[SourceVersion "1"]
[SourceVersionDate "2019.06.03"]
[SourceQuality "1"]

1. d4 d5 2. c4 e6 3. Nc3 Bb4 4. f3 Bxc3+ 5. bxc3 Nf6 6. Bg5 Nc6 7. e3 0-0 8. c5 a6 9. Bd3 e5 10. Ne2 Re8 11. Qd2 Qe7 12. 0-0 h6 13. Bxf6 Qxf6 14. Ng3 Bd7 15. Rfe1 Qg5 16. Qf2 Re7 17. f4 exf4 18. exf4 Rxe1+ 19. Rxe1 Qd8 20. Qf3 Ne7 21. f5 f6 22. Nh5 Qf8 23. Nf4 Re8 24. Ne6 Bxe6 25. fxe6 c6 26. g4 Nc8 27. Qf5 g6 28. Qxg6+ 1-0

[Event "TUR-chT2"]
[Site "Konya"]
[Date "2018.07.14"]
[Round "8.15"]
[White "Kaya, Sanem"]
[Black "Guvenc, Hilal"]
[Result "1-0"]
[WhiteElo "1161"]
[BlackElo "1110"]
[PlyCount "155"]
[EventDate "2018.07.10"]
[EventType "team-swiss"]
[EventRounds "9"]
[EventCountry "TUR"]
[SourceTitle "EXT 2019"]
[Source "ChessBase"]
[SourceDate "2018.10.10"]
[SourceVersion "1"]
[SourceVersionDate "2018.10.10"]
[SourceQuality "1"]
[WhiteTeam "Burdur Belediyesi"]
[BlackTeam "Manisa Yunusembre"]
[WhiteTeamCountry "TUR"]
[BlackTeamCountry "TUR"]

1. e4 e5 2. Nf3 Nc6 3. Bc4 Bc5 4. Nc3 Nf6 5. d3 h6 6. 0-0 Na5 7. Bb3 d6 8. Na4 Nxb3 9. axb3 Nd7 10. Nxc5 Nxc5 11. h3 b5 12. Be3 Na6 13. Qd2 c5 14. Qa5 Qxa5 15. Rxa5 Nc7 16. b4 cxb4 17. Bxa7 Kd7 18. Bb6 Bb7 19. Bxc7 Kxc7 20. Rxb5 Ra4 21. b3 Ra2 22. Rc1 Rha8 23. Rxb4 Bc8 24. Nd2 Be6 25. Nc4 R8a6 26. Kf1 Kc6 27. Ke1 Kc5 28. Rb8 Kd4 29. Kd2 Kc5 30. Rb1 Bxc4 31. bxc4 Kc6 32. Rg8 g6 33. Rh8 h5 34. Rf8 Ra7 35. Rc8+ Kd7 36. Rcb8 Kc7 37. R8b2 R2a5 38. Rb5 Ra4 39. c5 R7a5 40. Rxa5 Rxa5 41. cxd6+ Kxd6 42. Rc1 f5 43. exf5 gxf5 44. c4 Rc5 45. Ke3 Ke6 46. d4 exd4+ 47. Kxd4 Rc8 48. c5 h4 49. f3 Rg8 50. Rc2 Rd8+ 51. Ke3 Ke5 52. c6 f4+ 53. Ke2 Rc8 54. c7 Kd4 55. Kd2 Kd5 56. Kd3 Ke5 57. Rc5+ Kd6 58. Kd4 Ke6 59. Ke4 Kd6 60. Rc2 Re8+ 61. Kxf4 Rc8 62. Kg4 Ke5 63. Kxh4 Kf4 64. Kh5 Kg3 65. Kg6 Kh4 66. Kf7 Kg3 67. Ke7 Rxc7+ 68. Rxc7 Kxg2 69. f4 Kxh3 70. f5 Kh4 71. f6 Kg5 72. f7 Kf4 73. f8Q+ Ke4 74. Rc5 Kd3 75. Qf4 Ke2 76. Rh5 Kd1 77. Qf2 Kc1 78. Rh1# 1-0

[Event "TUR-ch (Women)"]
[Site "Antalya"]
[Date "2018.03.09"]
[Round "7"]
[White "Kaya, Sanem"]
[Black "Kahya, Ceren"]
[Result "1-0"]
[WhiteElo "1180"]
[BlackElo "1209"]
[PlyCount "113"]
[EventDate "2018.03.05"]
[EventType "swiss"]
[EventRounds "9"]
[EventCountry "TUR"]
[SourceTitle "CBM 183 Extra"]
[Source "ChessBase"]
[SourceDate "2018.04.19"]
[SourceVersion "1"]
[SourceVersionDate "2018.04.19"]
[SourceQuality "1"]

1. e4 e5 2. Nf3 Nf6 3. Nc3 Nc6 4. Bb5 Bc5 5. d3 a6 6. Bxc6 dxc6 7. Be3 Bxe3 8. fxe3 Qe7 9. 0-0 Bg4 10. Qe1 0-0 11. Qg3 Rfe8 12. Nh4 Bd7 13. Nf5 Bxf5 14. Rxf5 Nd7 15. Raf1 Rf8 16. Rg5 f6 17. Rgf5 Qf7 18. d4 exd4 19. exd4 Nb6 20. e5 Qc4 21. exf6 Qxd4+ 22. Kh1 Rf7 23. fxg7 Rxg7 24. Qf3 Nd7 25. Rf4 Qe5 26. Rg4 Rf8 27. Rxg7+ Qxg7 28. Qe2 Rxf1+ 29. Qxf1 Nf6 30. Qc4+ Qf7 31. Qxf7+ Kxf7 32. Kg1 Nd5 33. Nxd5 cxd5 34. Kf2 c5 35. Kf3 Kf6 36. Kf4 b5 37. h4 a5 38. g4 h6 39. g5+ hxg5+ 40. hxg5+ Ke6 41. g6 c4 42. g7 Kf7 43. g8Q+ Kxg8 44. Ke5 b4 45. Kxd5 b3 46. cxb3 cxb3 47. axb3 Kf8 48. Kc5 Ke8 49. Kb5 Kd8 50. Kxa5 Kc8 51. Ka6 Kb8 52. b4 Kc8 53. b5 Kb8 54. b6 Ka8 55. b7+ Kb8 56. b3 Kc7 57. Ka7 1-0

[Event "TUR-chT2"]
[Site "Konya"]
[Date "2017.07.10"]
[Round "2.17"]
[White "Kaya, Sanem"]
[Black "Zengin, Nazlican"]
[Result "1-0"]
[WhiteElo "1192"]
[BlackElo "1468"]
[PlyCount "137"]
[EventDate "2017.07.09"]
[EventType "team-swiss"]
[EventRounds "9"]
[EventCountry "TUR"]
[SourceTitle "CBM 179 Extra"]
[Source "ChessBase"]
[SourceDate "2017.08.23"]
[SourceVersion "1"]
[SourceVersionDate "2017.08.23"]
[SourceQuality "1"]
[WhiteTeam "Burdur Belediyesi"]
[BlackTeam "Genclik Egitim"]
[WhiteTeamCountry "TUR"]
[BlackTeamCountry "TUR"]

1. e4 e5 2. Nf3 Nc6 3. Bc4 Nf6 4. Nc3 h6 5. a3 Bc5 6. d3 d6 7. Be3 Bxe3 8. fxe3 0-0 9. 0-0 Ne7 10. Qe1 c6 11. Bb3 b5 12. Kh1 Qb6 13. h3 Ng6 14. Qg3 Qxe3 15. Qxg6 d5 16. Qg3 dxe4 17. Nxe4 Nxe4 18. dxe4 Qxe4 19. Rae1 Qf4 20. Qxf4 exf4 21. Ne5 g5 22. Nxc6 Kh8 23. Re7 a5 24. Bxf7 Ra6 25. Ne5 Bf5 26. Re1 Bxc2 27. Nd7 Rd8 28. Re8+ Rxe8 29. Rxe8+ Kg7 30. Re7 Kh8 31. Re6 Ra7 32. Re8+ Kg7 33. Be6 Bh7 34. Nf8 Ra6 35. Nxh7 Kxh7 36. Bd7 b4 37. a4 Rd6 38. Be6 Rd1+ 39. Kh2 Kg6 40. Ra8 Kf6 41. Bc4 Rd4 42. b3 Rd2 43. Kg1 h5 44. Rxa5 g4 45. hxg4 hxg4 46. Rd5 Rc2 47. Rb5 Rc1+ 48. Kf2 Rc2+ 49. Kg1 Rc1+ 50. Kh2 Rc2 51. Kg1 Rc1+ 52. Bf1 Rc3 53. Rxb4 f3 54. gxf3 gxf3 55. a5 Ke6 56. a6 Rc7 57. Rb7 Rc6 58. b4 Kd6 59. b5 Rc8 60. Kf2 Rf8 61. a7 Rc8 62. Rb8 Rxb8 63. axb8Q+ Kd7 64. Qb6 Ke7 65. Bc4 Kd7 66. Qe6+ Kc7 67. Qc6+ Kd8 68. Qb7 Ke8 69. Qc7 1-0